000 00791nam a2200289Ia 4500
005 20260324120117.0
008 008 260324s9999 xx 000 0 eng d
020 _a9780429225550
037 _aEBOOK
040 _aCRL
040 _beng
040 _cCRL
041 _2eng
041 _aeng
084 _qCRL
100 _aNorzuwana Sumarjan; Salamiah A. Jamal; Salleh Mohd Radzi; C.T. Chik; Mohd Faeez Saiful Bakhtiar
_91157276
245 0 _aHospitality and Tourism 2015
245 0 _bProceedings of HTC 2015 (Malacca, Malaysia, 2-3 November 2015)
260 _bTaylor and Francis
260 _c2015
365 _a
365 _b275
856 _uhttp://www.taylorfrancis.com/books/9780429225550
942 _cEBOOK
999 _c1748612
_d1748612